Letterkenny Characters quiz - Statistics

General Stats
  • This quiz has been taken 57 times
  • The average score is 12 of 15
Answer Stats
Actor Character Name % Correct
Michelle Mylett Katy
100%
Jared Keeso Wayne/Shoresy
100%
K. Trevor Wilson Dan
98%
Nathan Dales Daryl
86%
Tyler Johnston Stewart
86%
Andrew Herr Jonesy
84%
Jacob Tierney Glen
82%
Kamilla Kowal Bonnie McMurray
78%
Evan Stern Roald
78%
Lisa Codrington Gail
76%
Dan Petronijevic McMurray
75%
Dylan Playfair Reilly
73%
Joel Gagne Joint Boy
63%
Mark Forward Coach
59%
Jay Bertin Tyson
51%
No matching quizzes found
Score Distribution
Percent of People with Each Score
Percentile by Number Answered
Your Score History
You have not taken this quiz